[Event "GRE-chT Online Rapid (Women) 1st"]
[Site "Tornelo INT"]
[Date "2021.02.21"]
[Round "6.4"]
[White "Tsivelekidou, Anthoula Elpida"]
[Black "Doganou, Konstantina"]
[Result "1-0"]
[WhiteElo "1283"]
[BlackElo "1411"]
[PlyCount "77"]
[EventDate "2021.02.20"]
[EventType "team-swiss (rapid)"]
[EventRounds "9"]
[EventCountry "GRE"]
[SourceTitle "EXT 2023"]
[Source "ChessBase"]
[SourceDate "2022.10.05"]
[SourceVersion "1"]
[SourceVersionDate "2022.10.05"]
[SourceQuality "1"]

1. d4 d5 2. c4 e6 3. Nc3 Nf6 4. Bg5 Nbd7 5. e3 Be7 6. Nf3 a6 7. cxd5 exd5 8. Bd3 0-0 9. Qc2 b5 10. 0-0 Bb7 11. Rac1 Rc8 12. Qe2 c5 13. dxc5 Nxc5 14. Bf5 Ne6 15. Bh4 Ne4 16. Bxe7 Qxe7 17. Qd3 N6c5 18. Qd4 Rcd8 19. Rfd1 g6 20. Bh3 Nxc3 21. Qxc3 Na4 22. Qc7 Qxc7 23. Rxc7 Bc8 24. b3 Bxh3 25. bxa4 Bg4 26. axb5 axb5 27. Rc5 Ra8 28. Rxb5 Rxa2 29. Rbxd5 Rb8 30. Rd8+ Rxd8 31. Rxd8+ Kg7 32. Rd1 Bxf3 33. gxf3 Kh6 34. Kg2 f6 35. e4 Ra5 36. Rd5 Rxd5 37. exd5 Kg5 38. d6 Kf5 39. d7 1-0

[Event "GRE-ch U14 Girls"]
[Site "Patras"]
[Date "2019.06.28"]
[Round "6.10"]
[White "Tsivelekidou, Anthoula Elpida"]
[Black "Tzakosta, Konstantina"]
[Result "1-0"]
[WhiteElo "1312"]
[BlackElo "1049"]
[PlyCount "89"]
[EventDate "2019.06.25"]
[EventType "swiss"]
[EventRounds "9"]
[EventCountry "GRE"]
[SourceTitle "EXT 2020"]
[Source "ChessBase"]
[SourceDate "2019.10.17"]
[SourceVersion "1"]
[SourceVersionDate "2019.10.17"]
[SourceQuality "1"]
[WhiteTeam "Greece"]
[BlackTeam "Greece"]
[WhiteTeamCountry "GRE"]
[BlackTeamCountry "GRE"]

1. d4 e6 2. c4 c5 3. Nf3 cxd4 4. Nxd4 Nc6 5. Nc3 Bc5 6. Nxc6 bxc6 7. e3 Ne7 8. Bd3 0-0 9. 0-0 g6 10. Ne4 Bb6 11. Bd2 d5 12. cxd5 cxd5 13. Ng3 e5 14. Bc3 d4 15. exd4 exd4 16. Bb4 Re8 17. Qf3 Rb8 18. Rfe1 Bb7 19. Be4 Bxe4 20. Nxe4 Nf5 21. Qd3 Bc7 22. Ba3 Nd6 23. Qxd4 Nxe4 24. Rxe4 Bb6 25. Qxd8 Rbxd8 26. Rxe8+ Rxe8 27. Kf1 Re2 28. Kxe2 f5 29. Rd1 Kf7 30. Rd7+ Kg8 31. Bd6 Bd4 32. b4 g5 33. a4 g4 34. b5 h5 35. a5 h4 36. Bb8 g3 37. fxg3 hxg3 38. h3 Kf8 39. Bxa7 Bxa7 40. Rxa7 Ke8 41. b6 Kd8 42. Rh7 f4 43. b7 f3+ 44. Kxf3 Ke8 45. b8Q# 1-0

[Event "EU-Cup (Women) 23rd"]
[Site "Porto Carras"]
[Date "2018.10.15"]
[Round "4.4"]
[White "Babiy, Olga"]
[Black "Tsivelekidou, Anthoula Elpida"]
[Result "1-0"]
[WhiteElo "2310"]
[BlackElo "1147"]
[PlyCount "41"]
[EventDate "2018.10.12"]
[EventType "team-swiss"]
[EventRounds "7"]
[EventCountry "GRE"]
[SourceTitle "CBM 186 Extra"]
[Source "ChessBase"]
[SourceDate "2018.08.24"]
[SourceVersion "1"]
[SourceVersionDate "2018.08.24"]
[SourceQuality "1"]
[WhiteTeam "Kiev Chess Fed (W)"]
[BlackTeam "Thessaloniki Galaxias (W)"]
[WhiteTeamCountry "UKR"]
[BlackTeamCountry "GRE"]

1. e4 e6 2. d4 d5 3. Nc3 dxe4 4. Nxe4 Bd7 5. Nf3 Bc6 6. Bd3 Nd7 7. c3 Ngf6 8. Ned2 Bd6 9. 0-0 0-0 10. Nc4 Qe7 11. Re1 Bxf3 12. Qxf3 c6 13. Bg5 Bc7 14. Rad1 Rad8 15. Ne5 Nb6 16. Ng4 Nbd7 17. Qh3 g6 18. Qh4 Kg7 19. Re3 e5 20. Rf3 e4 21. Nxf6 1-0

[Event "GRE-ch U12 Girls"]
[Site "Achaia"]
[Date "2017.06.29"]
[Round "6"]
[White "Tsivelekidou, Anthoula Elpida"]
[Black "Dereka, Konstantina"]
[Result "1-0"]
[WhiteElo "1190"]
[BlackElo "1137"]
[PlyCount "75"]
[EventDate "2017.06.26"]
[EventType "swiss"]
[EventRounds "9"]
[EventCountry "GRE"]
[SourceTitle "CBM 179 Extra"]
[Source "ChessBase"]
[SourceDate "2017.08.23"]
[SourceVersion "1"]
[SourceVersionDate "2017.08.23"]
[SourceQuality "1"]

1. d4 d5 2. c4 c6 3. Nc3 e6 4. Nf3 Nf6 5. Bg5 Be7 6. e3 Nbd7 7. cxd5 cxd5 8. Bd3 0-0 9. 0-0 b6 10. Qc2 Bb7 11. Rac1 Rc8 12. Qd2 h6 13. Bh4 Re8 14. Rc2 Bb4 15. Rfc1 Bxc3 16. Rxc3 e5 17. dxe5 Nxe5 18. Nxe5 Rxe5 19. Bxf6 gxf6 20. Qe2 Rxc3 21. Rxc3 Rg5 22. f3 Qd7 23. Qc2 d4 24. Rc7 Qh3 25. Rxb7 Qxf3 26. Re7 dxe3 27. Qe2 Qxe2 28. Bxe2 Re5 29. Rxe5 fxe5 30. g3 Kg7 31. Kg2 Kg6 32. Kf3 Kf5 33. Kxe3 f6 34. h3 Ke6 35. g4 Kd6 36. Ke4 Ke7 37. Kf5 Kf7 38. h4 1-0